[Event "GRE-chT 49th"]
[Site "Thessaloniki"]
[Date "2022.08.12"]
[Round "1"]
[White "Stathatos, Alexandros"]
[Black "Kanellis, Nikolaos"]
[Result "1-0"]
[WhiteElo "1861"]
[BlackElo "1581"]
[PlyCount "61"]
[EventDate "2022.08.12"]
[EventType "team-swiss"]
[EventRounds "7"]
[EventCountry "GRE"]
[SourceTitle "EXT 2024"]
[Source "ChessBase"]
[SourceDate "2023.10.10"]
[SourceVersion "1"]
[SourceVersionDate "2023.10.10"]
[SourceQuality "1"]
[WhiteTeam "Asos Rodou Hippotis"]
[BlackTeam "Patras EA"]
[WhiteTeamCountry "GRE"]
[BlackTeamCountry "GRE"]

1. e4 e5 2. Nf3 Nc6 3. Bb5 a6 4. Ba4 Nf6 5. 0-0 Be7 6. Re1 b5 7. Bb3 0-0 8. a4 d5 9. Bxd5 Nxd5 10. exd5 Nd4 11. Nxd4 exd4 12. axb5 Bb7 13. c4 axb5 14. Rxa8 Bxa8 15. d3 c6 16. dxc6 Bxc6 17. Qb3 Bd6 18. Nd2 Bxh2+ 19. Kxh2 Qh4+ 20. Kg1 Bxg2 21. Kxg2 Qg4+ 22. Kf1 Qh3+ 23. Ke2 Re8+ 24. Kd1 Qh5+ 25. f3 Rxe1+ 26. Kxe1 Qh1+ 27. Nf1 Qxf3 28. cxb5 g5 29. b6 Qc6 30. b7 Qxc1+ 31. Ke2 1-0

[Event "EU-ch Amateur Online 1700/2000"]
[Site "Tornelo INT"]
[Date "2021.04.24"]
[Round "7"]
[White "Voriskova, Anna"]
[Black "Kanellis, Nikolaos"]
[Result "1-0"]
[WhiteElo "1911"]
[BlackElo "1718"]
[PlyCount "55"]
[EventDate "2021.04.24"]
[EventType "swiss (rapid)"]
[EventRounds "8"]
[EventCountry "NET"]
[SourceTitle "EXT 2023"]
[Source "ChessBase"]
[SourceDate "2022.10.05"]
[SourceVersion "1"]
[SourceVersionDate "2022.10.05"]
[SourceQuality "1"]

1. d4 d5 2. c4 e6 3. Nc3 Nf6 4. Bg5 Be7 5. e3 h6 6. Bh4 Nbd7 7. cxd5 Nxd5 8. Bg3 Nxc3 9. bxc3 c5 10. Nf3 0-0 11. Be2 b6 12. 0-0 Bb7 13. Qd2 Nf6 14. Bf4 Rc8 15. Rfd1 Ne4 16. Qb2 cxd4 17. Rxd4 Qe8 18. Bb5 Bc6 19. Bxc6 Qxc6 20. c4 Nc5 21. Ne5 Qb7 22. Rad1 Bf6 23. Qe2 Rfd8 24. Qg4 Qe7 25. Nc6 Rxc6 26. Rxd8+ Kh7 27. Bxh6 Rc7 28. Bf4 1-0

[Event "GRE-ch Online Blitz op 1st"]
[Site "Tornelo INT"]
[Date "2021.02.07"]
[Round "16"]
[White "Kanellis, Nikolaos"]
[Black "Chorafas, Dimitrios"]
[Result "1-0"]
[WhiteElo "1615"]
[BlackElo "1018"]
[PlyCount "111"]
[EventDate "2021.02.07"]
[EventType "swiss (blitz)"]
[EventRounds "16"]
[EventCountry "GRE"]
[SourceTitle "EXT 2023"]
[Source "ChessBase"]
[SourceDate "2022.10.05"]
[SourceVersion "1"]
[SourceVersionDate "2022.10.05"]
[SourceQuality "1"]

1. d4 d5 2. c4 e6 3. Nf3 Nd7 4. g3 Ngf6 5. Bg2 Bb4+ 6. Nc3 Ne4 7. Qc2 Nxc3 8. bxc3 Bd6 9. cxd5 exd5 10. 0-0 Nf6 11. Bg5 Bg4 12. Bxf6 Qxf6 13. Ne5 Bxe5 14. dxe5 Qxe5 15. e4 dxe4 16. Rfe1 0-0 17. Rxe4 Qc5 18. Rxg4 Rab8 19. Rd1 Rbd8 20. Rgd4 Rd6 21. Rxd6 cxd6 22. Qd3 h6 23. Qd4 Qa3 24. Bd5 Rd8 25. Qf4 Rf8 26. c4 Qxa2 27. Re1 Qa5 28. Re7 Qa1+ 29. Kg2 Qf6 30. Qxf6 gxf6 31. Rxb7 Ra8 32. Rxf7 Rf8 33. Rxa7+ Kh8 34. Rf7 Rxf7 35. Bxf7 Kg7 36. Bd5 Kg6 37. Kf3 Kf5 38. g4+ Kg5 39. Kg3 f5 40. h4+ Kf6 41. f4 fxg4 42. Kxg4 Kg6 43. f5+ Kf6 44. Kf4 h5 45. Bc6 Kf7 46. Kg5 Kg7 47. f6+ Kf7 48. Bd5+ Kf8 49. Kg6 Ke8 50. f7+ Kf8 51. Be6 d5 52. Bxd5 Ke7 53. Kg7 Kd6 54. f8Q+ Ke5 55. Qe7+ Kf5 56. Qe4# 1-0

[Event "GRE-ch Online Blitz op 1st"]
[Site "Tornelo INT"]
[Date "2021.02.07"]
[Round "2"]
[White "Kanellis, Nikolaos"]
[Black "Giannakouras, Angelos"]
[Result "1-0"]
[WhiteElo "1615"]
[BlackElo "1138"]
[PlyCount "53"]
[EventDate "2021.02.07"]
[EventType "swiss (blitz)"]
[EventRounds "16"]
[EventCountry "GRE"]
[SourceTitle "EXT 2023"]
[Source "ChessBase"]
[SourceDate "2022.10.05"]
[SourceVersion "1"]
[SourceVersionDate "2022.10.05"]
[SourceQuality "1"]

1. e4 c6 2. d4 d5 3. e5 Bf5 4. Nf3 e6 5. Be2 Nd7 6. 0-0 Ne7 7. Be3 Qc7 8. Nbd2 a6 9. Nb3 Ng6 10. Qd2 Rc8 11. h4 h5 12. Bd3 Bxd3 13. cxd3 Be7 14. Rac1 Nxh4 15. Nxh4 Bxh4 16. Bg5 Bxg5 17. Qxg5 Kf8 18. f4 Qd8 19. Qg3 h4 20. Qg4 Rh6 21. f5 Ke7 22. fxe6 Rg6 23. Rxf7+ Ke8 24. Qxg6 Nf8 25. Qxg7 Nxe6 26. Qg8+ Nf8 27. Qxf8# 1-0

[Event "GRE-ch Online Blitz op 1st"]
[Site "Tornelo INT"]
[Date "2021.02.07"]
[Round "9"]
[White "Sampsonoglou, Dimitrios1111"]
[Black "Kanellis, Nikolaos"]
[Result "0-1"]
[WhiteElo "1186"]
[BlackElo "1615"]
[PlyCount "56"]
[EventDate "2021.02.07"]
[EventType "swiss (blitz)"]
[EventRounds "16"]
[EventCountry "GRE"]
[SourceTitle "EXT 2023"]
[Source "ChessBase"]
[SourceDate "2022.10.05"]
[SourceVersion "1"]
[SourceVersionDate "2022.10.05"]
[SourceQuality "1"]

1. e4 e5 2. Nf3 Nc6 3. Bc4 Nf6 4. Ng5 d5 5. exd5 Na5 6. Bb5+ c6 7. dxc6 bxc6 8. Ba4 h6 9. Nf3 e4 10. Qe2 Be7 11. Ne5 0-0 12. Nxc6 Nxc6 13. Bxc6 Bf5 14. Bxa8 Qxa8 15. 0-0 Re8 16. Nc3 Bc5 17. Kh1 Bg4 18. Qb5 Bb6 19. Qb4 e3 20. dxe3 Bh3 21. Rg1 Ng4 22. Nd1 Rd8 23. Bd2 Qd5 24. f3 Ne5 25. e4 Qxd2 26. Qxd2 Rxd2 27. gxh3 Nxf3 28. Rf1 Rxh2# 0-1

[Event "Patras op"]
[Site "Patras"]
[Date "2002.08.02"]
[Round "2.42"]
[White "Kanellis, Nikolaos"]
[Black "Fourfouris, Nikos"]
[Result "0-1"]
[WhiteElo "1000"]
[BlackElo "1575"]
[PlyCount "58"]
[EventDate "2002.08.??"]
[EventType "swiss"]
[EventRounds "9"]
[EventCountry "GRE"]
[SourceTitle "CBM 089 Extra"]
[Source "ChessBase"]
[SourceDate "2002.09.10"]
[SourceVersion "2"]
[SourceVersionDate "2002.09.10"]
[SourceQuality "1"]

1. e4 c5 2. Nf3 Nc6 3. d4 cxd4 4. Nxd4 e5 5. Nf3 d6 6. Nc3 Be7 7. Bc4 Nf6 8. 0-0 Bg4 9. Be3 Qd7 10. Nd5 Nxe4 11. Bb5 0-0 12. Nxe7+ Qxe7 13. h3 Bh5 14. g4 Bg6 15. Bd3 d5 16. Rc1 Rfd8 17. c4 d4 18. Bd2 Nc5 19. Bxg6 hxg6 20. Bb4 Nxb4 21. a3 Nbd3 22. Rc2 Nf4 23. h4 d3 24. Rc3 e4 25. Re1 Ne2+ 26. Rxe2 dxe2 27. Qxe2 Qf6 28. g5 Qf4 29. Qe3 Qg4+ 0-1